00857nam a2200229 a 450000100060000000300080000600500170001400800390003103500190007004000320008904100080012108200290012910000390015824501110019726000400030830000510034850400500039965000370044965000410048665100520052765100480057933626BD-RjUL20211209052033.0140510s1982 ii af b 001 0 eng a(BD-RjUL)33717 aDLCcDLCdDLCdBD-RjULbeng aeng00a306.095488220bRES 19821 aReddy, G. P.q(G. Prakash),d1940-10aScarcity and survival :ba study in culture ecology of Chowra Island in Nicobar Archipelago /cG.P. Reddy. aDelhi :bD.K. Publications ;c1982. axi, 186 p., [8] p. of plates :bill. ;c23 cm. aBibliography: p. [170]-180 & Includes index.. 0aEthnologyzIndiazChowra Island. 0aHuman ecologyzIndiazChowra Island. 0aChowra Island (India)xSocial life and customs. 0aChowra Island (India)xEconomic conditions.